000 00413nam a2200145Ia 4500
008 211109s9999||||xx |||||||||||||| ||und||
082 _a418.99
_bCAL-I
100 _aCalvino, Italo
245 0 _aInvisible Cities
260 _bCurrent Books
_aKottayam Bn 795
_c1900
300 _a125p.
630 _xGENERAL STACK
650 _aLanguage
_vLinguistics
_xStandard usage & applied linguisticsGeneralia
942 _cBOOK
999 _c39498
_d39498